01050nam a2200217 a 450000100100000000500170001000800410002702000180006804000250008608200150011110000360012624501330016226000390029530000360033450000570037050400280042795201280045595201130058395201190069699900170081500004486620201002045705.0150114s2014 dr ac 000 0 spa d a9789945583823 aDO-SdBNPbspacBNPHU axxxxbxxxx1 aFernández, Papod1963-97287710aGeneral Santiago Rodríguez :bpadre de la restauración de la independencia dominicana /cPapo Fernández (Ramón Antonio). aSanto Domingo :bSantuario,c2014. a117 p. :bil., retrs. ;c23 cm. aIncluye datos biográficos del autor en las solapas aBibliografía : p. 117 001054708DSaGRbGRcCTd2015-01-14iLF1l0oxxxx xxxxp44866-30r2020-06-25te. 3w2020-06-25yLFDSZPréstamo en sala 0010718PDaPDbPDcCTd2015-01-14iLF1l0oxxxx xxxxp44866-10r2020-06-25w2020-06-25yLFPDZNo se presta 0010718PDaPDbPDcCTd2015-01-14iLF1l0oxxxx xxxxp44866-20r2020-06-25te. 2w2020-06-25yLFPDZNo se presta c44355d44355